Ghost Every Song - Statistics

General Stats
  • This quiz has been taken 31 times
  • The average score is 46 of 83
Answer Stats
Answer % Correct
Mary On a Cross
95%
Rats
90%
Elizabeth
86%
Peacefield
86%
Satanized
86%
He Is
81%
Lachryma
81%
Marks Of The Evil One
81%
Ritual
81%
Absolution
76%
Mummy Dust
76%
Square Hammer
76%
Umbra
76%
Year Zero
76%
From the Pinnacle to the Pit
71%
Ghuleh / Zombie Queen
71%
Kiss The Go-Goat
71%
Majesty
71%
Imperium
67%
Missilia Amori
67%
Monstrance Clock
67%
Secular Haze
67%
Spirit
67%
Ashes
62%
Call Me Little Sunshine
62%
Cenotaph
62%
Con Clavi Con Dio
62%
Dance Macabre
62%
Dues In Absentia
62%
Faith
62%
Jesus He Knows Me
62%
Twenties
62%
Darkness At The Heart Of My Love
57%
De Profundis Borealis
57%
Guiding Lights
57%
Hunter's Moon
57%
Infestissumam
57%
Life Eternal
57%
Respite On The Spitalfields
57%
The Future Is A Foreign Land
57%
Witch Image
57%
Depth of Satan's Eyes
52%
Devil Church
52%
Griftwood
52%
Kaisarion
52%
Pro Memoria
52%
See the Light
52%
Spoksonat
52%
Body and Blood
48%
Dominion
48%
Helvetesfonster
48%
Idolatrine
48%
If You have Ghosts
48%
Jigolo Har Megiddo
48%
Per Aspera Ad Inferi
48%
Phantom of the Opera
48%
Spillways
48%
Stay
48%
Watcher In The Sky
48%
Bible
43%
Bite Of Passage
43%
Crucified
43%
Death Knell
43%
Genesis
43%
Miasma
43%
Missionary Man
43%
Satan Prayer
43%
Stand by Him
43%
We Don't Need Another Hero
43%
Zenith
43%
Exelsis
38%
Hanging Around
38%
I'm A Marionette
38%
La Mantra Mori
38%
Prime Mover
38%
Deus Culpa
33%
I Believe
33%
Nocturnal Me
33%
See No Evil
33%
Enter Sandman
29%
Waiting for the Night
29%
Here Comes the Sun
14%
Circie
10%
No matching quizzes found
Score Distribution
Percent of People with Each Score
Percentile by Number Answered
Your Score History
You have not taken this quiz